000
00321nam a2200121Ia 4500
008
241028s9999 xx 000 0 und d
041
_a
eng
082
_a
005.7 CHO
100
_a
Choudhari
245
_a
Blockchain For Enterprise Application Developers
260
_b
Wiley India
_a
New Delhi
_c
2020
300
_a
312;. P. 23 cm
999
_c
43078
_d
43078